Evolucin̤ histr̤ica del espacio comarcal

Detalles Bibliográficos
Autor principal: Garca̕ Rubio, Fernando
Formato: Desconocido
Lenguaje:español
Publicado: Madrid : Dykinson, 2007
Materias:
Acceso en línea:Acceso restringido

MARC

LEADER 00000ny a22000003n 4500
005 20110623172258.0
006 m u
007 cr cn|||||||||
008 200806r20072008sp |||||s|||||||||||spa d
020 |a 9788498490428 
035 |a 2312 
040 |a FlNmELB  |c FlNmELB  |d vLex 
050 1 4 |a HT151  |b G215 2007eb 
080 |a 316.334.56 
090 |c 1183  |d 1183 
100 1 |a Garca̕ Rubio, Fernando 
245 1 0 |a Evolucin̤ histr̤ica del espacio comarcal  |h [Recurso electrn̤ico]  |c Fernando Garca̕ Rubio 
256 |a Servicio en ln̕ea 
260 |a Madrid :  |b Dykinson,  |c 2007 
300 |a [7]-224 p 
506 1 |a Contenido solo disponible en los productos indicados  |d vLex Global  |d vLex Global (Academic Edition, excluding Law Schools)  |d vLex Global (U.S. Academic Edition, Law Schools)  |d vLex Global (U.S. Academic Edition, excluding Law Schools)  |d vLex Global (Academic Edition, Law Schools) 
650 0 7 |a Administrativo  |2 Tesauro vLex 
650 0 7 |a Ayuntamientos  |2 Tesauro vLex 
650 0 7 |a Historia del derecho  |2 Tesauro vLex 
650 0 7 |a Organizacin̤ territorial del Estado  |2 Tesauro vLex 
650 0 7 |a Competencias comarcales  |2 Tesauro vLex 
740 0 |a vLex Libros (Servicios en ln̕ea) 
856 4 0 |z Acceso restringido  |u http://vlex.com/source/espacio-comarcal-evolucion-historica-2312 
942 |c BOOK